Machine Component Design (Record no. 342108)

MARC details
000 -LEADER
fixed length control field 00487nam a2200181Ia 4500
008 - FIXED-LENGTH DATA ELEMENTS--GENERAL INFORMATION
fixed length control field 230718s9999 xx 000 0 und d
020 ## - INTERNATIONAL STANDARD BOOK NUMBER
International Standard Book Number 9788126537976
041 ## - LANGUAGE CODE
Language code of text/sound track or separate title eng
082 ## - DEWEY DECIMAL CLASSIFICATION NUMBER
Classification number 621.8'15
Item number JUV
100 ## - MAIN ENTRY--PERSONAL NAME
Personal name Juvinall R.C.
9 (RLIN) 143930
245 ## - TITLE STATEMENT
Title Machine Component Design
250 ## - EDITION STATEMENT
Edition statement 5th ed.
260 ## - PUBLICATION, DISTRIBUTION, ETC. (IMPRINT)
Date of publication, distribution, etc. 2014
Name of publisher, distributor, etc. Wiley
300 ## - PHYSICAL DESCRIPTION
Extent 899
365 ## - TRADE PRICE
Currency code Rs.
Price amount 899.00
700 ## - ADDED ENTRY--PERSONAL NAME
Personal name Juvinall R.C. & Marshek K.M.
9 (RLIN) 189949
906 ## - LOCAL DATA ELEMENT F, LDF (RLIN)
d O:0510230-May-2016B:2102-May-2016
c MECH
b 970.92
Holdings
Withdrawn status Lost status Damaged status Not for loan Home library Current library Date acquired Vendor Budget Code Cost, normal purchase price Bill number Total Checkouts Full call number Barcode Date last seen Date last checked out Discount Cost, replacement price Bill Date Koha item type Original Barcode
        Cummins College of Engineering for Women Pune Cummins College of Engineering for Women Pune 30/05/2016 ARM Book Bazar MECH 656.27 21 1 621.8'15 CCEP-BK-53315 11/03/2026 26/02/2026 970.92 899.00 02/05/2016 Books 053315